[Event "Penang op-B 5th"]
[Site "Penang"]
[Date "2013.12.09"]
[Round "1"]
[White "Lye, Yi Hui"]
[Black "Tan, Tze Lin Tommy"]
[Result "0-1"]
[WhiteElo "1283"]
[BlackElo "1764"]
[PlyCount "72"]
[EventDate "2013.12.09"]
[EventType "swiss"]
[EventRounds "9"]
[EventCountry "MAS"]
[SourceTitle "CBM 158 Extra"]
[Source "ChessBase"]
[SourceDate "2014.02.28"]
[SourceVersion "1"]
[SourceVersionDate "2014.02.28"]
[SourceQuality "1"]

1. e4 c5 2. c4 d6 3. Nc3 Nc6 4. d3 g6 5. Nf3 Bg7 6. g3 Bg4 7. Bg2 e5 8. 0-0 Qd7 9. Be3 Nd4 10. Bxd4 cxd4 11. Nd5 Rc8 12. Qb3 Ne7 13. Nxe7 Qxe7 14. Qa3 b6 15. b4 0-0 16. b5 Qd7 17. Qb2 f5 18. Nd2 Be2 19. Rfe1 Bxd3 20. exf5 Qxf5 21. Bd5+ Kh8 22. f4 Qd7 23. Qb3 Bf5 24. fxe5 dxe5 25. Nf3 e4 26. Ng5 d3 27. Nf7+ Rxf7 28. Bxf7 Qxf7 29. Rad1 Bd4+ 30. Kg2 e3 31. Rxd3 Be4+ 32. Kh3 Qf5+ 33. g4 Qf3+ 34. Kh4 g5+ 35. Kxg5 Rg8+ 36. Kh4 Qxg4# 0-1